T03 Information and Communication Technology (Record no. 2834)

MARC details
005 - DATE AND TIME OF LATEST TRANSACTION
control field 20250529105157.0
020 ## - INTERNATIONAL STANDARD BOOK NUMBER
International Standard Book Number 9789976780826
100 ## - MAIN ENTRY--PERSONAL NAME
Author name NBAA
245 ## - TITLE STATEMENT
Title T03 Information and Communication Technology
250 ## - EDITION STATEMENT
Edition statement 1st Ed.
260 ## - PUBLICATION, DISTRIBUTION, ETC.
Place of publication, distribution, etc. Dar es Salaam
Name of publisher, distributor, etc. National Board of Accountants and Auditors
Date of publication, distribution, etc. 2014
300 ## - PHYSICAL DESCRIPTION
Extent 298p.
Other physical details ill; index & tables
Dimensions 29.5 cm
942 ## - ADDED ENTRY ELEMENTS (KOHA)
Source of classification or shelving scheme Dewey Decimal Classification
Koha item type Books
Holdings
Date last seen Total checkouts Full call number Barcode Cost, replacement price Price effective from Koha item type Lost status Source of classification or shelving scheme Damaged status Not for loan Withdrawn status Home library Current library Shelving location Date acquired Cost, normal purchase price
05/29/2025   384.096 NBA MBY00064 90000.00 05/29/2025 Books   Dewey Decimal Classification       CBE MBEYA CBE MBEYA Special Reserve Collection 10/02/2018 30000.00